LEADER 01166nam a2200253 4500 001 000000334607 003 CaOOAMICUS 005 20190704000000.0 008 190704s2018 it 000 u ita r 020 $a978-88-6124-738-3 040 $aSeMil$bita 100 1 $aCarfora, Anna,$d<1959- >.$0(OLS)http://semarc/name/91546 245 13$aLa passione di Perpetua e Felicita :$bdonne martirio e spettacolo della morte nel cristianesimo delle origini /$cAnna Carfora. 264 1$aTrapani :$bIl pozzo di Giacobbe,$c2018. 300 $a186 p. ;$c20 cm 490 1 $aIl pellicano [Il pozzo di Giacobbe] ;$v6 830 3$aIl pellicano ;$v6.$0(OLS)http://semarc/title/404225 850 $aSeMil 852 $aSeMil$W1$xVenegono$y1$m3H II 517$j216114$B226796$CSeMilBibl$Z2$F226796 $81 961 $aPerego don Stefano - Omaggio 996 $6020$a978-88-6124-738-3$9(OLS)http://semarc/number/287823 996 $6245$aLa passione di Perpetua e Felicita :$bdonne martirio e spettacolo della morte nel cristianesimo delle origini$9(OLS)http://semarc/title/424272 996 $6264$aTrapani :$bIl pozzo di Giacobbe$9(OLS)http://semarc/publisher/31941 LEADER 00876nam a2200229 i 4500 001 000000072214 003 CaOOAMICUS 005 20090220000000.0 008 090220s1966 it u000 u ita u 013 $a43386 040 $aSeMil$bita 100 1 $aBontadini, Gustavo ,$d<1903-1990>.$0(OLS)http://semarc/name/817 245 10$aStudi di filosofia moderna /$cGustavo Bontadini. 260 $aBrescia :$bLa Scuola,$cc1966. 300 $a461 p. ;$c25 cm. 490 0 $aLe vie del pensiero 650 4$aFilosofia moderna.$0(OLS)http://semarc/subject/7841 830 3$aLe vie del pensiero.$0(OLS)http://semarc/title/6765 850 $aSeMil 852 $aSeMil$W1$xVenegono$y1$m2P V 443$j38367$B38367$CSeMilBibl$Z2$F38370 $81 996 $6245$aStudi di filosofia moderna$9(OLS)http://semarc/title/82437 996 $6260$aBrescia :$bLa Scuola$9(OLS)http://semarc/publisher/29831